000 00632nam a2200229Ia 4500
003 OSt
005 20220928131224.0
006 a|||||r|||| 00| 0
007 ta
008 220927b |||||||| |||| 00| 0 eng d
024 _a37568
037 _cTextual
040 _aSDCL
_cSDCL
_beng
041 _2eng
_aeng
082 _aV2524'N9, N4
100 _aNautiyal Suresh Ed.
_9477472
245 0 _aHimalyayi sarokaron ka dastavaj dhad.
260 _aNew Delhi
_bAbhikathan Publications
_c1994
300 _axxiv,344p.
_ccm.
942 _hV2524'N9, N4
_cTEXL
_2CC
999 _c789979
_d789979